000 00273nam a2200133Ia 4500
100 _aMatousek
650 _aChemistry
942 _cBK
654 _aDesign
245 _aEngineering Design
260 _bBlackie & Son Ltd
_c2001
082 _a620.004
546 _aENGLISH
999 _c32172
_d32172